00786nas a2200229Ia 4500001001600000003001000016008004100026040002500067041001300092100002100105210002900126222002900155245002900184250001100213260000900224501012300233300001400356362002700370500009800397650002600495700003500521A10/R163-32796 IT-MiCISF161014c99999999xx |||||||||||| ||und|| aIT-MiCISFcIT-MiCISF aITALIANO aPatete Antonella aRivista del volontariato aRivista del volontariato 0aDove la legge non arriva a1a ed. c2000 bCISF - Centro Internazionale Studi Famiglia - Via Giotto, 36 20145 MILANO (non commercial uses only)cCopyright 2016 app. 33-42 an. 12, dicembre [2000] aMorrone A., Moro G., Giordano M., Frisanco R. Tema: volontariato, emarginazione, legislazione avolontariatovdossier a Springhetti Paola (a cura di)